| 000 | 00646nas a22002171i#4500 | ||
|---|---|---|---|
| 001 | 2469 | ||
| 003 | ES-MaACL | ||
| 005 | 20250902215903.0 | ||
| 007 | t| | ||
| 008 | 950801d18761884sp | | 1 ||pa d | ||
| 080 | _a624/627 | ||
| 245 | 0 | 0 |
_aAnales de obras públicas _b: memorias y documentos referentes a la ciencia del ingeniero y al arte de las construcciones. |
| 260 |
_aMadrid : _bAribau y Cª, _c1876-1884. |
||
| 300 |
_a12 v ; _c23 cm. |
||
| 310 | _aIrregular | ||
| 362 | 0 | _aT. I (1876)-t. XII (1884) | |
| 650 | 1 | 7 |
_aIngeniería civil _2embne _913771 |
| 852 |
_aES-MaACL _jF-14175-86 |
||
| 866 | 0 | _o1876-84 | |
| 999 |
_c2469 _d2469 |
||